000 01516nam a2200385 i 4500
001 196871
003 ES-MaACL
005 20260306165759.0
008 250114s2021 sp a | |||| 000 0 spa
015 _aMON21
017 _aM 23626-2021
_bOficina Depósito Legal Madrid
020 _a9788412359589
035 _a(SpMaBN)a7031769
040 _aSpMaBN
_bspa
_cSpMaBN
_erda
080 _a94(100)"1937"(059.3)
100 1 _aRubio Herrero, Federico,
_d1951-
_9176099
_eaut
245 1 0 _aCronología mundial durante seis meses vitales :
_benero-junio de 1937 /
_cFederico Rubio Herrero
250 _aPrimera edición, septiembre 2021
264 1 _aMadrid :
_bLekla Ediciones,
_c[2021].
264 4 _c©2021
300 _a139 páginas :
_bfotografías (blanco y negro) ;
_c24 cm
336 _aTexto
_2rdacontent
337 _asin mediación
_2rdamedia
338 _avolumen
_2rdacarrier
504 _aIncluye referencias bibliográficas
650 7 _aHistoria contemporánea-
_yS.XX-
_vCronología
_9176123
651 4 _98292
_aEspaña-
_xHistoria-
_y1936-1939, Guerra civil
655 0 _9239461
_aCronologías
852 _aES-MaACL
_cDEPOJ
_jN-10325
_hDonación: Federico Rubio Herrero
_xEncuadernación rústica con solapas
_9206449
903 _9176099
_aRubio Herrero, Federico,
_d1951-
_ednr
942 _cMONOGRAFIA
_n0
999 _c196871
_d196871